<?xml version="1.0" encoding="UTF-8"?>
<collection xmlns:xsi="http://www.w3.org/2001/XMLSchema-instance" xsi:schemaLocation="http://www.loc.gov/MARC21/slim http://www.loc.gov/standards/marcxml/schema/MARC21slim.xsd" xmlns="http://www.loc.gov/MARC21/slim">
 <record>
  <leader>00000ctm a22000004a 4500</leader>
  <controlfield tag="001">UP-99796217602798801</controlfield>
  <controlfield tag="003">Buklod</controlfield>
  <controlfield tag="005">20230503092542.0</controlfield>
  <controlfield tag="006">m    |o  d |      </controlfield>
  <controlfield tag="007">ta</controlfield>
  <controlfield tag="008">080209s        xx     d     r    |||| u|</controlfield>
  <datafield tag="035" ind1=" " ind2=" ">
   <subfield code="a">(iLib)UPD-00000152391</subfield>
  </datafield>
  <datafield tag="040" ind1=" " ind2=" ">
   <subfield code="a">DENG</subfield>
  </datafield>
  <datafield tag="041" ind1=" " ind2=" ">
   <subfield code="a">eng</subfield>
  </datafield>
  <datafield tag="090" ind1=" " ind2=" ">
   <subfield code="a">TA 409</subfield>
   <subfield code="b">Q4 2003</subfield>
  </datafield>
  <datafield tag="100" ind1="1" ind2=" ">
   <subfield code="a">Que, Norbert S.</subfield>
  </datafield>
  <datafield tag="245" ind1="1" ind2="0">
   <subfield code="a">Identification of cohesive crack fracture parameters using mathematical programming</subfield>
   <subfield code="c">Norbert S. Que.</subfield>
  </datafield>
  <datafield tag="300" ind1=" " ind2=" ">
   <subfield code="a">302 leaves</subfield>
  </datafield>
  <datafield tag="500" ind1=" " ind2=" ">
   <subfield code="a">Thesis (Ph.D. Civil and Environmental Engineering)--The University of New South Wales, Sydney, Australia.</subfield>
  </datafield>
  <datafield tag="520" ind1=" " ind2=" ">
   <subfield code="a">This thesis is concerned with the characterization of the parameters governing the tension-softening relations of the cohesive crack model. Parameters identification is an important area in fracture mechanics as it  enables the use of a fracture model for the simulation of fracture processes in structure. Research, however, has shown that such a task is not trivial and continues to pose challenging problems to experimentalists and analysts alike. This dissertation presents general and efficient indirect methods for the characterization of mode I fracture parameters defining the cohesive crack model.</subfield>
  </datafield>
  <datafield tag="520" ind1=" " ind2=" ">
   <subfield code="a">The identification problem is formulated as special type of inverse problem. The formulation is in the form of a constrained optimisation problem known as a mathematical program with equilibrium constraints characterised, in the present instance, by complementary conditions involving the orthogonality of two-sign constrained vectors. The solution of such a mathematical program is computationally challenging as it is disjunctive and nonconvex by nature. A  number of nonlinear programming based approaches are proposed, after appropriate reformulation of the mathematical program as an equivalent nonlinear programming problem.</subfield>
  </datafield>
  <datafield tag="520" ind1=" " ind2=" ">
   <subfield code="a">Actual  experimental data are used to validate and determine the most suitable algorithm for parameter identification. It was found that the smoothing-based method is by far superior than other schemes. As the problem is nonconvex and the nonlinear program can only guarantee a local or stationary point, global optimisation procedures are introduced in order to verify the accuracy of the solutions obtained by the algorithm.</subfield>
  </datafield>
  <datafield tag="520" ind1=" " ind2=" ">
   <subfield code="a">Two evolutionary search methods capable of finding the global optimum are implemented for parameter identification. The results generated by the evolutionary search techniques confirm the reliability of the solutions identified by the best nonlinear programming algorithm. All computations carried out in the thesis suggest the suitability and robustness of the selected algorithm for parameter identification.</subfield>
  </datafield>
  <datafield tag="842" ind1=" " ind2=" ">
   <subfield code="a">Thesis</subfield>
  </datafield>
  <datafield tag="905" ind1=" " ind2=" ">
   <subfield code="a">FI</subfield>
  </datafield>
  <datafield tag="950" ind1=" " ind2=" ">
   <subfield code="a">Thesis</subfield>
  </datafield>
  <datafield tag="852" ind1="0" ind2=" ">
   <subfield code="a">UPD</subfield>
   <subfield code="b">DENG-II</subfield>
   <subfield code="h">TA 409</subfield>
   <subfield code="i">Q4 2003</subfield>
  </datafield>
  <datafield tag="942" ind1=" " ind2=" ">
   <subfield code="a">Thesis</subfield>
  </datafield>
 </record>
</collection>
